Online
Catalog

La materia médica de Dioscorides en el lapidario de Alfonso X el sabio : (Record no. 41218)

MARC details
000 -CABECERA
campo de control de longitud fija 00824nam a2200193 a 4500
001 - NÚMERO DE CONTROL
campo de control 000041729
005 - FECHA Y HORA DE LA ÚLTIMA TRANSACCIÓN
campo de control 20201002035724.0
008 - DATOS DE LONGITUD FIJA--INFORMACIÓN GENERAL
campo de control de longitud fija 131016s1987 sp 000 0 spa d
020 ## - NÚMERO INTERNACIONAL ESTÁNDAR DEL LIBRO
Número Internacional Estándar del Libro 8400065824
040 ## - FUENTE DE LA CATALOGACIÓN
Centro catalogador/agencia de origen DO-SdBNP
Lengua de catalogación spa
Centro/agencia transcriptor BNPHU
082 ## - NÚMERO DE LA CLASIFICACIÓN DECIMAL DEWEY
Número de clasificación xxx
Número de documento/Ítem A486m
100 1# - ENTRADA PRINCIPAL--NOMBRE DE PERSONA
Nombre de persona Amasuno, Marcelino V.
9 (RLIN) 68566
245 13 - MENCIÓN DE TÍTULO
Título La materia médica de Dioscorides en el lapidario de Alfonso X el sabio :
Resto del título literatura y ciencia en la Castilla del siglo XIII /
Mención de responsabilidad, etc. Marcelino V. Amasuno.
260 ## - PUBLICACIÓN, DISTRIBUCIÓN, ETC.
Lugar de publicación, distribución, etc. Madrid :
Nombre del editor, distribuidor, etc. Consejo Superior de Investigaciones Científicas,
-- Centro de Estudios Históricos,
Fecha de publicación, distribución, etc. 1987.
300 ## - DESCRIPCIÓN FÍSICA
Extensión 181 p. ;
Dimensiones 18 cm.
490 1# - MENCIÓN DE SERIE
Mención de serie Cuadernos Galileo de historia de la ciencia
Designación de volumen o secuencia 9
500 ## - NOTA GENERAL
Nota general Incluye referencias bibliográficas y notas al pie de páginas.
830 #0 - PUNTO DE ACCESO ADICIONAL DE SERIE-TÍTULO UNIFORME
Título uniforme Cuadernos Galileo de historia de la ciencia
Número de parte o sección de la obra 9
9 (RLIN) 68567
Holdings
Estado de retiro Estado de pérdida Restricciones de uso No para préstamo Código de colección Localización permanente Ubicación/localización actual Ubicación en estantería Fecha de adquisición Número de inventario Total de préstamos Signatura topográfica completa Código de barras Fecha visto por última vez Precio válido a partir de Tipo de ítem Koha
      Excluido de préstamo Monografías: Libros y Folletos General General En catalogación 16.10.2013 LF1   xxx A486m 41729-10 25.06.2020 25.06.2020 No se presta

Powered by Koha